000 00494 a2200169 4500
003 OSt
005 20231004150808.0
008 231004b |||||||| |||| 00| 0 eng d
020 _a9789393852878
040 _coclc
082 _a823.1
_bSIN/G
245 _aTHE GREATEST INDIAN STORIES EVER TOLD /
_cedited by Arunava Sinha
260 _aNew Delhi:
_bAleph,
_c2023.
300 _a512 p
700 1 _aSinha, Arunava
_99657
942 _2ddc
_cBK
_h823.1
_iSIN/G
_k823.1
_mSIN/G
999 _c42521
_d42521